00754nam a2200181 a 450000100100000000500170001000800410002704000250006808200140009311000650010724501150017226000900028730000290037749000550040670000270046170000290048883000550051700002947220200930055557.0110415s2003 dr c 000 0 spa d aDO-SdBNPbspacBNPHU axxxbS6162 aCentro Nacional de Investigaciones en Salud Materno Infantil00aSíndrome de seckel o nanismo primordial con cara de pajarito /cEditores Hugo R. Mendoza, Mildred Landrón. aSanto Domingo :bCentro Nacional de Investigaciones en Salud Materno Infantil,c2003. a8 p. :bretrs. ;c28 cm.1 aEstudios especiales aplicados a la clínicavv. 61 aMendoza, Hugo R.,eed.1 aLandrón, Mildred,eed. 0aEstudios especiales aplicados a la clínicavv. 6